000 00313nam a2200121Ia 4500
008 240126s9999 xx 000 0 und d
041 _aEnglish
245 0 _aMiracle of Teaching (2005 -
260 _bAsian Academy of Education and Culture
_aBhopal
440 _aNULL
650 _aMiracle,(2005,-
942 _cJN
999 _c259140
_d259140